| 000 | 01875cam a2200433 a 4500 | ||
|---|---|---|---|
| 001 | 8351 | ||
| 003 | FISKH | ||
| 005 | 20250910084603.0 | ||
| 008 | 080610s2009 maua j b 000 0beng | ||
| 010 | _a 2008025341 | ||
| 020 | _a9781580893411 (reinforced) : | ||
| 020 | _a9781580893428 | ||
| 020 | _a1580893414 (reinforced) : | ||
| 040 |
_aDLC _cDLC _beng |
||
| 050 | _aQL31.B37 S44 | ||
| 082 | _a508.092 | ||
| 100 | 1 |
_aSheldon, David _q(David Quentin) |
|
| 245 | 1 | 0 |
_aInto the deep : _bthe life of naturalist and explorer William Beebe / _cDavid Sheldon. |
| 260 |
_aWatertown : _bCharlesbridge, _c2009. |
||
| 300 |
_a38 unnumbered pages : _bcolor illustrations ; _c28 cm |
||
| 336 |
_atext _btxt _2rdacontent |
||
| 337 |
_aunmediated _bn _2rdamedia |
||
| 338 |
_avolume _bnc _2rdacarrier |
||
| 504 | _aIncludes bibliographical references. | ||
| 520 | _aWhen William Beebe was born in 1877, scientists had only begun to explore the natural world, a world that fascinated Beebe even as a child. He studied migratory birds, rain forest canopies, and ocean depths. Beebe was a pioneer of ecology, observing wildlife in their natural habitats. | ||
| 586 | 8 | _aA Junior Library Guild selection | |
| 600 | 1 | 0 |
_aBeebe, William, _d1877-1962 _vJuvenile literature. |
| 600 | 1 | 1 |
_aBeebe, William, _d1877-1962. |
| 650 | 0 |
_aZoologists _vBiography _vJuvenile literature. |
|
| 650 | 0 |
_aExplorers _vBiography _vJuvenile literature. |
|
| 650 | 1 |
_aZoologists _vBiography. |
|
| 650 | 1 |
_aExplorers _vBiography. |
|
| 655 | 7 |
_aLiterature. _2lcgft _0https://id.loc.gov/authorities/genreForms/gf2014026415 |
|
| 655 | 7 |
_aBiographies. _2lcgft _0https://id.loc.gov/authorities/genreForms/gf2014026049 |
|
| 655 | 7 |
_aBiographies. _2lcgft _0https://id.loc.gov/authorities/genreForms/gf2014026049 |
|
| 906 |
_a7 _bcbc _corignew _d1 _eecip _f20 _gy-gencatlg |
||
| 942 |
_2ddc _cBK _n0 |
||
| 999 |
_c8351 _d8351 |
||